000 00894pam a2200241 i 4500
005 20160117034553.0
008 870813s1988 enka b 001 0 eng
020 _a0521245125
040 _aDLC
_cDLC
_dDLC
041 _aeng
044 _axxu
082 0 4 _a001.434
_bM47d
100 1 _aMead, R.
245 1 4 _aThe design of experiments :
_bstatistical principles for practical applications /
_cR. Mead.
260 _aCambridge [England] ;
_aNew York :
_bCambridge University Press,
_c1988.
300 _axiv, 620 p. :
_bill. ;
_c24 cm.
504 _aIncluye referencias bibliográficas e índice.
650 1 4 _aDiseño experimental
650 2 4 _aEstadística matemática
856 4 2 _3Publisher description
_uhttp://www.loc.gov/catdir/description/cam032/87024236.html
856 4 1 _3Tabla de contenido
_uhttp://www.loc.gov/catdir/toc/cam032/87024236.html
942 _2ddc
_cLIBRO
999 _c60
_d60